000 00508nam a22001817a 4500
999 _c191040
_d191040
005 20220817164558.0
010 _aENG-134474
020 _a9789382634300
_c700.00
035 _aEN-118006
037 _bDBAD/PUB
082 _a356.110954
100 _aSaraf, Mukesh
245 _aPunjab Regiment/
_cMukesh Saraf
260 _aAllahabad
_bMeenakshi Prakashan
_c2016
270 _a5, Khusro Bagh Road
_bAllahabad
_e211001
300 _a256p.
_c22cm(hb)
942 _2ddc
_cEN
_h356.110954
_mSAR